Nirvana Album songs quiz #1 Bleach - Statistics

General Stats
  • This quiz has been taken 469 times
  • The average score is 10 of 13
Answer Stats
Hint Answer % Correct
3 About a girl
93%
5 Love buzz
84%
4 School
84%
2 Floyd the barber
83%
1 Blew
82%
7 Negative creep
77%
12 Big cheese
71%
10 Mr moustache
67%
13 Downer
66%
6 Paper cuts
66%
9 Swap meet
62%
8 Scoff
61%
11 Sifting
58%
No matching quizzes found
Score Distribution
Percent of People with Each Score
Percentile by Number Answered
Your Score History
You have not taken this quiz